| 000 | 00799nam a22001935i 4500 | ||
|---|---|---|---|
| 001 | 172012 | ||
| 003 | ES-MaACL | ||
| 005 | 20230906214806.0 | ||
| 008 | 090610s1914 fr |||| | fre d | ||
| 245 | 0 | 0 |
_aAnnuaire du prolétariat _b: Année 1914. (Parti Socialiste (S.F.I.O.) Confédération générale du travail coopératives) / _cpubl. sous la direction de Louis Soulé ; Préface de Gustave Hervé ; avant-propos de Jules Nadi, Georges Yvetot et Ernest Poisson. |
| 260 |
_aParis : _bLa France Politique, _c1914 ( _fBeresniak & fils) |
||
| 300 |
_a356 p. ; _c15 cm. |
||
| 700 | 1 |
_aSoulé, Louis. _9140613 |
|
| 700 | 0 |
_aHervé, Gustave. _963425 |
|
| 700 | 1 |
_aPoisson, Ernest. _992772 |
|
| 700 | 1 |
_aYvetot, Georges. _9140614 |
|
| 700 | 1 |
_aNadi, Jules. _9140615 |
|
| 852 |
_aES-MaACL _jF-10147 |
||
| 999 |
_c172012 _d172012 |
||